Normal view
MARC view
- الزريقات، ابراهيم عبدالله
Entry Personal Name
001 - CONTROL NUMBER
- control field: 60644
003 - CONTROL NUMBER IDENTIFIER
- control field: JO-AjAnu
005 - DATE AND TIME OF LATEST TRANSACTION
- control field: 20230606083918.0
008 - FIXED-LENGTH DATA ELEMENTS
- fixed length control field: 230606|| aca||aabn | a|a d
040 ## - CATALOGING SOURCE
- Original cataloging agency: JO-AjAnu
- Transcribing agency: JO-AjAnu
100 ## - HEADING--PERSONAL NAME
- Personal name: الزريقات، ابراهيم عبدالله
670 ## - SOURCE DATA FOUND
- Source citation: Work cat.: (JO-AjAnu)30926: الزريقات، ابراهيم عبدالله, author, مهارات الحياة للاشخاص ذوي الاعاقة: الاعتبارات الاساسية واجراءات التدخل=LIFE SKILLS FOR PERSONS WITH DISABILITY